| 000 -LEADER | |
|---|---|
| fixed length control field | 00525nam a22001697a 4500 |
| 005 - DATE AND TIME OF LATEST TRANSACTION | |
| control field | 20230118101558.0 |
| 008 - FIXED-LENGTH DATA ELEMENTS--GENERAL INFORMATION | |
| fixed length control field | 200225b xxu||||| |||| 00| 0 eng d |
| 020 ## - INTERNATIONAL STANDARD BOOK NUMBER | |
| ISBN | 978-81-239-2289-8 |
| 041 ## - LANGUAGE CODE | |
| Language code of text/sound track or separate title | eng |
| 100 ## - MAIN ENTRY--AUTHOR NAME | |
| Personal name | KHAR, ROOP K AND VYAS, SP, AHMAD, FARHAN J, JAIN, GAURAV K |
| 245 ## - TITLE STATEMENT | |
| Title | THE THEORY AND PRACTICE OF INDUSTRIAL PHARMACY |
| 250 ## - EDITION STATEMENT | |
| Edition statement | 4th, Ed. .2020 |
| 260 ## - PUBLICATION, DISTRIBUTION, ETC. (IMPRINT) | |
| Place of publication | NEW DELHI |
| Name of publisher | CBS PUBLISHERS & DISTRIBUTORS PVT. LTD |
| 300 ## - PHYSICAL DESCRIPTION | |
| Number of Pages | 1203p, |
| 650 ## - SUBJECT ADDED ENTRY--TOPICAL TERM | |
| Topical Term | PHARMACY |
| General subdivision | B.PHARMA & D.PHARMA |
| 942 ## - ADDED ENTRY ELEMENTS (KOHA) | |
| Koha item type | Books |
| Lost status | Damaged status | Collection code | Home library | Current library | Shelving location | Date acquired | Source of acquisition | Cost, normal purchase price | Full call number | Accession Number | Koha item type |
|---|---|---|---|---|---|---|---|---|---|---|---|
| PHARMACY | JRU Library | JRU Library | Shelf - 22- C | 25/02/2020 | PURCHESS | 725.00 | 615.1 | 23617 | Books | ||
| Reference | JRU Library | JRU Library | Shelf - 22- C | 25/02/2020 | PURCHESS | 725.00 | 23618 | Books | |||
| PHARMACY | JRU Library | JRU Library | Shelf - 21- B | 25/02/2020 | PURCHESS | 725.00 | 615.1 | 23619 | Books | ||
| PHARMACY | JRU Library | JRU Library | Shelf - 22- C | 25/02/2020 | PURCHESS | 725.00 | 615.1 | 23620 | Books | ||
| PHARMACY | JRU Library | JRU Library | Shelf - 22- C | 01/03/2021 | PARCHES UNNATI PUBLICATION 1908/17-02-21 | 795.00 | 615.1 KHA-T | 25687 | Books | ||
| PHARMACY | JRU Library | JRU Library | Shelf - 22- C | 01/03/2021 | PARCHES UNNATI PUBLICATION 1908/17-02-21 | 795.00 | 615.1 KHA-T | 25688 | Books | ||
| PHARMACY | JRU Library | JRU Library | Shelf - 22- C | 01/03/2021 | PARCHES UNNATI PUBLICATION 1908/17-02-21 | 795.00 | 615.1 KHA-T | 25689 | Books | ||
| PHARMACY | JRU Library | JRU Library | Shelf - 21- B | 17/03/2021 | PURCHES | 795.00 | 615.1 | 25791 | Books | ||
| PHARMACY | JRU Library | JRU Library | Shelf - 22- C | 17/03/2021 | PURCHES | 795.00 | 615.1 | 25792 | Books |